[Event "Commonwealth & South African Open 2011"]
[Site "Emperors Casino and Conference"]
[Date "2011.06.24"]
[Round "2.45"]
[White "Foley, Patrick J"]
[Black "Ramabodu, Tshediso"]
[Result "1-0"]
[WhiteElo "2075"]
[BlackElo "1663"]
[PlyCount "117"]
[EventDate "2011.06.24"]

1. d4 Nf6 2. Nf3 g6 3. Nbd2 Bg7 4. e4 d6 5. c3 O-O 6. Be2 Nbd7 7. O-O c5 8. d5
a6 9. a4 Ne8 10. Qc2 Nc7 11. a5 e6 12. c4 exd5 13. exd5 Re8 14. Ne4 Ne5 15.
Nxe5 Bxe5 16. Bg5 f6 17. Bh4 Qe7 18. Bd3 Kg7 19. f3 Rf8 20. Rfe1 Ne8 21. Nc3
Qf7 22. Re2 Kg8 23. Na4 Ng7 24. Nb6 Rb8 25. Bf2 Bf5 26. Rae1 Rfe8 27. b3 Bxd3
28. Qxd3 Nf5 29. g4 Nd4 30. Bxd4 Bxd4+ 31. Kg2 Kf8 32. Re6 Be5 33. h3 Rxe6 34.
dxe6 Qxe6 35. f4 Kg7 36. fxe5 fxe5 37. Rf1 Rg8 38. Nd5 h5 39. Rf6 Qe8 40. g5
Rf8 41. Nc7 Qc6+ 42. Nd5 Rxf6 43. gxf6+ Kf7 44. Qe3 Qe8 45. Qh6 Qg8 46. h4 Ke6
47. Kf3 Kf7 48. Ne7 Qf8 49. Qxg6+ Ke6 50. Qf5+ Kf7 51. Nd5 Qh6 52. Qg5 Qh7 53.
Qg7+ Qxg7 54. fxg7 Kxg7 55. Ke4 Kg6 56. Ne7+ Kf7 57. Nf5 Ke6 58. Ng7+ Kf7 59.
Nxh5 1-0

[Event "Commonwealth & South African Open 2011"]
[Site "Emperors Casino and Conference"]
[Date "2011.06.24"]
[Round "2.46"]
[White "King, Rohan H"]
[Black "Willenberg, Craig G"]
[Result "*"]
[WhiteElo "1712"]
[BlackElo "2072"]
[PlyCount "82"]
[EventDate "2011.06.24"]

1. d4 Nf6 2. c4 e6 3. Nc3 Bb4 4. Qc2 b6 5. a3 Bxc3+ 6. Qxc3 Ne4 7. Qc2 Bb7 8.
Nf3 O-O 9. g3 f5 10. Bg2 d6 11. Ng5 Qf6 12. O-O Qg6 13. c5 bxc5 14. Nxe4 Bxe4
15. Bxe4 fxe4 16. dxc5 d5 17. Bd2 Nc6 18. Rae1 Qg4 19. Qa4 Ne5 20. Qd4 Rf5 21.
Bf4 Rxf4 22. Qxe5 Rf7 23. f3 Qf5 24. Qxf5 exf5 25. fxe4 fxe4 26. e3 a5 27. Rb1
Rb8 28. b4 c6 29. Rxf7 Kxf7 30. Kf2 Ke6 31. Ke2 Ke5 32. Rb3 axb4 33. axb4 d4
34. Rb2 d3+ 35. Kd2 Rf8 36. Kc3 Rf3 37. Kd2 Kd5 38. Kc3 Rxe3 39. b5 cxb5 40.
Rxb5 Re2 41. c6+ Kxc6 *

[Event "Commonwealth & South African Open 2011"]
[Site "Emperors Casino and Conference"]
[Date "2011.06.24"]
[Round "2.47"]
[White "Jonker, Matthew D"]
[Black "Phillips, Nigel J"]
[Result "*"]
[WhiteElo "2069"]
[BlackElo "1653"]
[PlyCount "96"]
[EventDate "2011.06.24"]

1. e4 c5 2. Nf3 Nf6 3. Nc3 d5 4. e5 Ne4 5. d4 Nxc3 6. bxc3 e6 7. Bd3 Nc6 8. O-O
Be7 9. Be3 c4 10. Be2 b5 11. Qd2 a5 12. a3 Bd7 13. Ng5 O-O 14. f4 h6 15. Nh3 f5
16. exf6 Rxf6 17. g4 Qc7 18. Bf3 Bd6 19. f5 Ne7 20. Nf4 Raf8 21. Nh5 R6f7 22.
f6 Rxf6 23. Nxf6+ Rxf6 24. g5 hxg5 25. Bxg5 Rf8 26. Qg2 Nf5 27. Bg4 Bc8 28.
Bxf5 exf5 29. Qxd5+ Rf7 30. Qg2 Bb7 31. Qh3 Be4 32. Rf2 g6 33. Qe3 Rh7 34. Bf4
Rh4 35. Bxd6 Qxd6 36. a4 Rg4+ 37. Kf1 Qd5 38. axb5 Bg2+ 39. Ke2 Re4 40. b6
Rxe3+ 41. Kxe3 Qe4+ 42. Kd2 Bf3 43. Re1 Qc6 44. Re7 Qf6 45. Re5 Qg5+ 46. Re3
Be4 47. Ke2 Qd8 48. b7 Bxb7 *

[Event "Commonwealth & South African Open 2011"]
[Site "Emperors Casino and Conference"]
[Date "2011.06.24"]
[Round "2.48"]
[White "Savant, Riya"]
[Black "Klaasen, Calvin J"]
[Result "*"]
[WhiteElo "1708"]
[BlackElo "2068"]
[PlyCount "88"]
[EventDate "2011.06.24"]

1. d4 Nf6 2. Nf3 b6 3. g3 e6 4. Bg2 Bb7 5. O-O c5 6. dxc5 Bxc5 7. b3 O-O 8. Bb2
Qe7 9. Nbd2 d5 10. Ne5 Nc6 11. Nd3 Bd6 12. c4 d4 13. e3 dxe3 14. fxe3 e5 15.
Ne4 Nxe4 16. Bxe4 Nd8 17. Qf3 f6 18. Rad1 Bxe4 19. Qxe4 Ne6 20. Rd2 Rad8 21.
Bc3 Ng5 22. Qg2 e4 23. Ne1 Bb4 24. Bxb4 Qxb4 25. Re2 Rd1 26. Nc2 Nf3+ 27. Kh1
Rxf1+ 28. Qxf1 Qc3 29. Ne1 Nxe1 30. Qxe1 Qxe1+ 31. Rxe1 Rd8 32. Re2 Kf7 33. Kg2
Ke6 34. g4 Rd3 35. Kf2 g6 36. h3 f5 37. Kg3 Ke5 38. gxf5 gxf5 39. Kf2 f4 40.
exf4+ Kxf4 41. h4 Rh3 42. Ke1 e3 43. Kd1 Kf3 44. Re1 Rxh4 *

[Event "Commonwealth & South African Open 2011"]
[Site "Emperors Casino and Conference"]
[Date "2011.06.24"]
[Round "2.49"]
[White "McAvoy, Paul L"]
[Black "Cronwright, Shaun"]
[Result "*"]
[WhiteElo "2058"]
[BlackElo "1552"]
[PlyCount "101"]
[EventDate "2011.06.24"]

1. e4 d6 2. d4 Nf6 3. Nc3 c6 4. f3 Qa5 5. Be3 Nbd7 6. Qd2 e5 7. d5 Be7 8. h4 h5
9. a3 c5 10. Nb5 Qd8 11. b4 a6 12. Nc3 b5 13. bxc5 Nxc5 14. g3 Qc7 15. Bh3 Bxh3
16. Nxh3 Rc8 17. Na2 a5 18. Rb1 O-O 19. O-O Rb8 20. Nf2 Rfc8 21. Nd3 Na4 22.
Rfc1 Bd8 23. Rb3 Qd7 24. Kg2 Nb6 25. Bxb6 Bxb6 26. Rcb1 a4 27. Rc3 Rxc3 28.
Nxc3 Ba5 29. Nb4 Bxb4 30. Rxb4 Ne8 31. Qd3 Nc7 32. Rb2 Qd8 33. Na2 Na6 34. Nb4
Nxb4 35. Rxb4 Qc8 36. c4 bxc4 37. Qxc4 Qxc4 38. Rxc4 Rb2+ 39. Kh3 Rb3 40. Rxa4
Rxf3 41. Kg2 Rd3 42. Ra8+ Kh7 43. Ra6 f6 44. a4 Ra3 45. a5 Kg6 46. Kf2 Ra2+ 47.
Kf3 Kf7 48. Rxd6 Rxa5 49. Rd7+ Kf8 50. Rc7 Ra4 51. Ke3 *

[Event "Commonwealth & South African Open 2011"]
[Site "Emperors Casino and Conference"]
[Date "2011.06.24"]
[Round "2.50"]
[White "Roos, Lucas"]
[Black "Hoek, Cornelis"]
[Result "*"]
[WhiteElo "1700"]
[BlackElo "2037"]
[PlyCount "23"]
[EventDate "2011.06.24"]

1. g3 c5 2. Bg2 Nc6 3. b3 d5 4. Bb2 e5 5. d3 f5 6. Nd2 Nf6 7. e4 fxe4 8. dxe4
d4 9. h4 Bd6 10. Nh3 O-O 11. Qe2 Qe7 12. Ng5 *

[Event "Commonwealth & South African Open 2011"]
[Site "Emperors Casino and Conference"]
[Date "2011.06.24"]
[Round "2.51"]
[White "Breytenbach, Jan"]
[Black "Katz, Robert J"]
[Result "*"]
[WhiteElo "2036"]
[BlackElo "1531"]
[PlyCount "65"]
[EventDate "2011.06.24"]

1. c4 f5 2. Nc3 Nf6 3. b3 g6 4. Bb2 Bg7 5. Nf3 c6 6. Qc2 Na6 7. a3 Nc7 8. e4 d6
9. Bd3 f4 10. e5 dxe5 11. Nxe5 O-O 12. O-O-O Ne6 13. Ne2 Nd7 14. Nxd7 Bxb2+ 15.
Qxb2 Qxd7 16. Bc2 b5 17. h4 Ng7 18. c5 Qd5 19. b4 Be6 20. Nd4 Bf7 21. f3 Rad8
22. Ne2 Nh5 23. Kb1 a5 24. Be4 Qd7 25. bxa5 Bd5 26. Bxd5+ Qxd5 27. Qa2 Qxa2+
28. Kxa2 Rd3 29. Rhe1 Rfd8 30. a6 Rxd2+ 31. Rxd2 Rxd2+ 32. Kb3 Rd3+ 33. Kb4 *

[Event "Commonwealth & South African Open 2011"]
[Site "Emperors Casino and Conference"]
[Date "2011.06.24"]
[Round "2.52"]
[White "Naidoo, Kalyavan"]
[Black "Takawira, Erick"]
[Result "*"]
[WhiteElo "1697"]
[BlackElo "2035"]
[PlyCount "42"]
[EventDate "2011.06.24"]

1. e4 e5 2. Nf3 Nc6 3. Nc3 Nf6 4. g3 Bc5 5. Bg2 d6 6. O-O h5 7. d3 h4 8. Be3
hxg3 9. hxg3 Bg4 10. Nd5 Qd7 11. Re1 O-O-O 12. c3 Bxe3 13. Nxe3 Bh3 14. Bh1 Rh5
15. Nh4 Rdh8 16. Bf3 R5h7 17. b4 Ne7 18. a4 Rxh4 19. gxh4 Rxh4 20. Nf5 Nxf5 21.
exf5 Qxf5 *

[Event "Commonwealth & South African Open 2011"]
[Site "Emperors Casino and Conference"]
[Date "2011.06.24"]
[Round "2.53"]
[White "Boikanyo, Cinky"]
[Black "Kankanala, Srishti"]
[Result "*"]
[WhiteElo "2029"]
[BlackElo "1420"]
[PlyCount "64"]
[EventDate "2011.06.24"]

1. Nf3 Nf6 2. c4 e6 3. g3 b6 4. Bg2 Bb7 5. O-O Be7 6. b3 O-O 7. Bb2 d6 8. d3
Nbd7 9. Nbd2 c5 10. a3 Re8 11. b4 Bf8 12. Qc2 g6 13. b5 Bg7 14. a4 Qc7 15. a5
a6 16. bxa6 Rxa6 17. axb6 Nxb6 18. Rxa6 Bxa6 19. Ra1 Bb7 20. Bc3 Qe7 21. Rb1
Na8 22. Qa4 Bxf3 23. Bxf3 Nc7 24. Rb7 Rc8 25. Qa7 d5 26. Nb3 dxc4 27. dxc4 Qd6
28. Nxc5 Qd1+ 29. Kg2 Qc2 30. Bxf6 Bxf6 31. Rxc7 Rxc7 32. Qxc7 Qxc4 *

[Event "Commonwealth & South African Open 2011"]
[Site "Emperors Casino and Conference"]
[Date "2011.06.24"]
[Round "2.54"]
[White "Naude, Corne"]
[Black "Tapera, Uzeni"]
[Result "*"]
[WhiteElo "1691"]
[BlackElo "2028"]
[PlyCount "69"]
[EventDate "2011.06.24"]

1. d4 d5 2. c4 c6 3. Nc3 Nf6 4. Nf3 e6 5. e3 Be7 6. Bd2 Nbd7 7. Rc1 O-O 8. Be2
dxc4 9. Bxc4 b5 10. Be2 Bb7 11. O-O a6 12. Qc2 c5 13. dxc5 Bxc5 14. a3 Rc8 15.
b4 Be7 16. Qb2 Nb6 17. Rfd1 Nc4 18. Bxc4 Bxf3 19. Be2 Bb7 20. Be1 Qe8 21. f3
Nd5 22. Nxd5 Bxd5 23. e4 Bc4 24. Bxc4 Rxc4 25. Rxc4 bxc4 26. Bc3 f6 27. Qd2 Qd8
28. Qd7 Kf7 29. Kf1 Qb8 30. g3 Qb5 31. Qxb5 axb5 32. Ke2 Ra8 33. Ra1 Ra4 34. f4
f5 35. e5 *

[Event "Commonwealth & South African Open 2011"]
[Site "Emperors Casino and Conference"]
[Date "2011.06.24"]
[Round "2.55"]
[White "Darling, Paul D"]
[Black "Kromhout, Alexander"]
[Result "*"]
[WhiteElo "1689"]
[BlackElo "2005"]
[PlyCount "59"]
[EventDate "2011.06.24"]

1. e4 c5 2. Nf3 d6 3. d4 cxd4 4. Nxd4 Nf6 5. Nc3 a6 6. Be2 e6 7. O-O Be7 8. a4
b6 9. f4 Bb7 10. Bf3 Qc7 11. Kh1 O-O 12. Qe1 Nc6 13. Nb3 Nb4 14. Qf2 d5 15. e5
Nd7 16. Be3 Rfc8 17. Rac1 Nc5 18. Nd4 Qd7 19. Bg4 f5 20. exf6 Bxf6 21. Qg3 Nc6
22. Rcd1 Rf8 23. Nxd5 Qxd5 24. Nxe6 Qc4 25. Bxc5 bxc5 26. Nxf8 Rxf8 27. c3 Qxa4
28. Rfe1 Kh8 29. Bf5 Ne7 30. Bb1 *

[Event "Commonwealth & South African Open 2011"]
[Site "Emperors Casino and Conference"]
[Date "2011.06.24"]
[Round "3.11"]
[White "Sachdev, Tania"]
[Black "Pitso, Fusi P"]
[Result "1-0"]
[WhiteElo "2416"]
[BlackElo "1949"]
[PlyCount "45"]
[EventDate "2011.06.24"]

1. d4 Nf6 2. c4 e6 3. Nf3 b6 4. a3 Bb7 5. Nc3 d5 6. cxd5 Nxd5 7. Qc2 Nxc3 8.
bxc3 Be7 9. e4 Nd7 10. Bd3 h6 11. O-O O-O 12. Bb2 c5 13. Rad1 Qc7 14. Qe2 Rfe8
15. e5 Rac8 16. Nd2 Red8 17. f4 Nf8 18. Qg4 f5 19. exf6 Bxf6 20. f5 e5 21. Bc4+
Kh8 22. dxe5 Qxe5 23. Rfe1 {notation unclear} 1-0

[Event "Commonwealth & South African Open 2011"]
[Site "Emperors Casino and Conference"]
[Date "2011.06.24"]
[Round "3.12"]
[White "Gumpo, Thabo"]
[Black "Mokal, Prathamesh S"]
[Result "0-1"]
[WhiteElo "1944"]
[BlackElo "2405"]
[PlyCount "44"]
[EventDate "2011.06.24"]

1. e4 c5 2. Nf3 e6 3. d3 Nc6 4. Nbd2 d6 5. g3 g6 6. Bg2 Bg7 7. O-O Nge7 8. c3
O-O 9. h4 h6 10. Re1 e5 11. Nf1 f5 12. exf5 Bxf5 13. Ne3 Be6 14. a4 Qd7 15. Kh2
Rf7 16. Re2 Raf8 17. Qh1 d5 18. Kg1 d4 19. cxd4 Rxf3 20. d5 Nd4 21. dxe6 Nxe2+
22. Kh2 Qc6 0-1

[Event "Commonwealth & South African Open 2011"]
[Site "Emperors Casino and Conference"]
[Date "2011.06.24"]
[Round "3.13"]
[White "Ristovich, Dmitar"]
[Black "Kobese, Watu AKW"]
[Result "0-1"]
[WhiteElo "1939"]
[BlackElo "2355"]
[PlyCount "52"]
[EventDate "2011.06.24"]

1. d4 Nf6 2. c4 e6 3. Nc3 Bb4 4. e3 O-O 5. Bd3 Nc6 6. Nf3 d6 7. O-O Bxc3 8.
bxc3 e5 9. Qc2 h6 10. h3 Re8 11. Nd2 Qe7 12. Ne4 Nxe4 13. Bxe4 exd4 14. Bxc6 d3
15. Qxd3 bxc6 16. c5 d5 17. a4 a5 18. Re1 Qh4 19. Ba3 Re4 20. f3 Rxa4 21. Bb2
Bxh3 22. Rxa4 Qxe1+ 23. Kh2 Rb8 24. Qc2 Be6 25. Bc1 Rb5 26. Bd2 Qe2 0-1

[Event "Commonwealth & South African Open 2011"]
[Site "Emperors Casino and Conference"]
[Date "2011.06.24"]
[Round "3.14"]
[White "James, Michael"]
[Black "Karavade, Eesha"]
[Result "0-1"]
[WhiteElo "1932"]
[BlackElo "2343"]
[PlyCount "52"]
[EventDate "2011.06.24"]

1. e4 c5 2. Nf3 d6 3. d4 cxd4 4. Nxd4 Nf6 5. Nc3 a6 6. Bc4 e6 7. Bb3 b5 8. f3
Be7 9. Be3 O-O 10. Qd2 Qc7 11. g4 Nbd7 12. g5 Ne8 13. Rg1 Nc5 14. Rg3 Rb8 15.
O-O-O b4 16. Na4 Nxb3+ 17. axb3 g6 18. Kb1 e5 19. Ne2 Ng7 20. Nc1 Be6 21. Nd3
a5 22. Nf2 Rfd8 23. Ng4 d5 24. Qe2 Nh5 25. Rgg1 d4 26. Bc1 Bd7 {end of notation
} 0-1

[Event "Commonwealth & South African Open 2011"]
[Site "Emperors Casino and Conference"]
[Date "2011.06.24"]
[Round "3.15"]
[White "Ghate, Swati"]
[Black "Klein, Bernard A"]
[Result "1-0"]
[WhiteElo "2317"]
[BlackElo "1937"]
[PlyCount "92"]
[EventDate "2011.06.24"]

1. e4 c6 2. d4 d5 3. e5 c5 4. c3 Nc6 5. Be3 cxd4 6. cxd4 Qb6 7. Qd2 e6 8. Nc3
Bd7 9. Bd3 Rc8 10. Nge2 Na5 11. b3 Bb4 12. O-O Ne7 13. Rac1 O-O 14. Bb1 Bb5 15.
Rfd1 Rc7 16. Qb2 Bd7 17. Nf4 Rfc8 18. Nce2 Ng6 19. Nh5 Bf8 20. Rxc7 Rxc7 21.
Bc1 Nc4 22. bxc4 Qxb2 23. Bxb2 Rxc4 24. Nhf4 a5 25. Nxg6 hxg6 26. Nf4 b5 27.
Rc1 b4 28. Bd3 Rxc1+ 29. Bxc1 Be7 30. Kf1 Kf8 31. Ke1 Ke8 32. g3 Kd8 33. h4 Kc7
34. h5 gxh5 35. Nxh5 Bf8 36. g4 Ba4 37. f4 b3 38. a3 Kb6 39. f5 Bd7 40. Nf4 Be7
41. Kd2 a4 42. Kc3 Ka5 43. Kb2 Kb6 44. fxe6 fxe6 45. Bg6 Kb5 46. Bd3+ Kb6 {end
of notation} 1-0

[Event "Commonwealth & South African Open 2011"]
[Site "Emperors Casino and Conference"]
[Date "2011.06.24"]
[Round "3.17"]
[White "van der Nat, Nicholas P"]
[Black "Gochhikar, Aparajita"]
[Result "1-0"]
[WhiteElo "2308"]
[BlackElo "1915"]
[PlyCount "36"]
[EventDate "2011.06.24"]

1. e4 e5 2. Nf3 Nc6 3. Bb5 a6 4. Ba4 Nf6 5. Qe2 b5 6. Bb3 d6 7. c3 Be7 8. a4
Na5 9. Bc2 c6 10. b4 Nb7 11. axb5 cxb5 12. Rxa6 Bd7 13. Rxa8 Qxa8 14. Na3 O-O
15. O-O Bc6 16. d4 exd4 17. Nxd4 Nd8 18. Naxb5 Ne6 {notation unclear} 1-0

[Event "Commonwealth & South African Open 2011"]
[Site "Emperors Casino and Conference"]
[Date "2011.06.24"]
[Round "3.18"]
[White "de Waal, Ingrid"]
[Black "Cawdery, Daniel J"]
[Result "0-1"]
[WhiteElo "1889"]
[BlackElo "2274"]
[PlyCount "48"]
[EventDate "2011.06.24"]

1. e4 c5 2. Nf3 d6 3. g3 Nc6 4. Bg2 g6 5. O-O Bg7 6. h3 e5 7. d3 Nge7 8. Be3
O-O 9. c3 h6 10. Nbd2 Be6 11. Nb3 f5 12. Qd2 Kh7 13. Nh4 f4 14. gxf4 exf4 15.
Bxf4 g5 16. Bxg5 hxg5 17. Qxg5 Bh6 18. Qh5 Qe8 19. Qe2 Ng6 20. Nxg6 Qxg6 21.
Kh1 Rf4 22. Nd2 Raf8 23. Rae1 Ne5 24. a4 Rh4 0-1

[Event "Commonwealth & South African Open 2011"]
[Site "Emperors Casino and Conference"]
[Date "2011.06.24"]
[Round "3.20"]
[White "Ringoir, Guy"]
[Black "Ovcina, Denis"]
[Result "0-1"]
[WhiteElo "1870"]
[BlackElo "2248"]
[PlyCount "44"]
[EventDate "2011.06.24"]

1. e4 c5 2. Nc3 Nc6 3. f4 g6 4. Nf3 Bg7 5. Bb5 Nd4 6. O-O a6 7. Bc4 e6 8. d3
Ne7 9. Nxd4 cxd4 10. Ne2 d5 11. Bb3 dxe4 12. dxe4 Nc6 13. g3 Na5 14. f5 Nxb3
15. axb3 e5 16. f6 Bf8 17. Bd2 h5 18. Qe1 Bd7 19. Bb4 Bb5 20. Rf3 Rc8 21. c4
Bc6 22. Ra5 Bd6 {notation unclear} 0-1

[Event "Commonwealth & South African Open 2011"]
[Site "Emperors Casino and Conferenc"]
[Date "2011.06.24"]
[Round "3.16"]
[White "Gems, Patrick"]
[Black "Subbaraman, Meenakshi"]
[Result "0-1"]
[WhiteElo "1903"]
[BlackElo "2317"]
[Annotator "du Toit,Henru"]
[PlyCount "63"]
[EventDate "2011.06.24"]

1. e4 e5 2. Nf3 Nc6 3. Bb5 a6 4. Ba4 Nf6 5. O-O b5 6. Bb3 Bc5 7. c3 d6 8. d4
Bb6 9. dxe5 Nxe5 10. Nxe5 dxe5 11. Qxd8+ Kxd8 12. Bg5 Ke7 13. Nd2 h6 14. Bxf6+
Kxf6 15. Bd5 Rb8 16. Nf3 Be6 17. c4 bxc4 18. Bxe6 fxe6 19. Rac1 Ba5 20. Rxc4
Rxb2 21. Nxe5 Rxa2 22. f4 Rd8 23. Nf3 Bb6+ 24. Kh1 a5 25. g4 a4 26. g5+ hxg5
27. fxg5+ Ke7 28. Ne5 Rdd2 29. Ng4 Rd4 30. Ne5 Rxc4 31. Nxc4 Bd4 32. g6 {
Notation unclear} 0-1

[Event "Commonwealth & South African Open 2011"]
[Site "Emperors Casino and Conference"]
[Date "2011.06.24"]
[Round "3.21"]
[White "Rubery, Mark C"]
[Black "Mokomele, Andrew"]
[Result "1/2-1/2"]
[WhiteElo "2239"]
[BlackElo "1898"]
[PlyCount "41"]
[EventDate "2011.06.24"]

1. e4 c5 2. Nc3 e6 3. f4 Nc6 4. Nf3 d5 5. Bb5 Nge7 6. exd5 Nxd5 7. Bxc6+ bxc6
8. d3 Bd6 9. g3 Nxc3 10. bxc3 O-O 11. O-O Qf6 12. Qe1 Rb8 13. Ne5 Qf5 14. Ba3
Rb5 15. c4 Rb6 16. Qe3 Qh5 17. Bxc5 Bxc5 18. Qxc5 f6 19. Nd7 Qxc5+ 20. Nxc5 Rb2
21. a3 {notation unclear draw on move 27} 1/2-1/2

[Event "Commonwealth & South African Open 2011"]
[Site "Emperors Casino and Conference"]
[Date "2011.06.24"]
[Round "3.22"]
[White "Njobvu, Ignatius"]
[Black "Peretz, Leon"]
[Result "1/2-1/2"]
[WhiteElo "2228"]
[BlackElo "1897"]
[PlyCount "60"]
[EventDate "2011.06.24"]

1. d4 Nf6 2. c4 e6 3. Nc3 d5 4. cxd5 exd5 5. Bg5 Be7 6. e3 O-O 7. Bd3 Nbd7 8.
Nge2 c6 9. Qc2 Re8 10. h3 Nf8 11. g4 Bd7 12. O-O-O b5 13. Kb1 a5 14. Ng3 a4 15.
Nf5 Bxf5 16. Bxf5 Qa5 17. Ne2 g6 18. Bd3 Rec8 19. Bxf6 Bxf6 20. Qd2 b4 21. Rc1
Ne6 22. f4 c5 23. f5 Nf8 24. dxc5 Rxc5 25. Nd4 Rac8 26. Rcf1 Qb6 27. fxg6 fxg6
28. Qf2 Bg7 29. h4 a3 30. h5 Qa7 1/2-1/2

[Event "Commonwealth & South African Open 2011"]
[Site "Emperors Casino and Conference"]
[Date "2011.06.24"]
[Round "3.24"]
[White "Goosen, Anton"]
[Black "van der Walt, Pierre E"]
[Result "1-0"]
[WhiteElo "2182"]
[BlackElo "1890"]
[PlyCount "46"]
[EventDate "2011.06.24"]

1. Nf3 Nf6 2. g3 d5 3. Bg2 c6 4. O-O Bg4 5. c4 e6 6. Ne5 Bh5 7. cxd5 exd5 8. d4
Nbd7 9. f4 Ne4 10. Bxe4 dxe4 11. Nc3 Nxe5 12. dxe5 Qxd1 13. Rxd1 Bb4 14. Kf2
Bxc3 15. bxc3 O-O 16. a3 Rfe8 17. Rd7 b6 18. h3 f6 19. exf6 gxf6 20. Ke3 c5 21.
Rd1 Bf7 22. Rd2 Be6 23. Rd6 f5 1-0

[Event "Commonwealth & South African Open 2011"]
[Site "Emperors Casino and Conference"]
[Date "2011.06.24"]
[Round "3.25"]
[White "Feng, Thomas"]
[Black "Makoto, Rodwell"]
[Result "1-0"]
[WhiteElo "1853"]
[BlackElo "2166"]
[PlyCount "49"]
[EventDate "2011.06.24"]

1. d4 Nf6 2. Nf3 g6 3. g3 Bg7 4. Bg2 O-O 5. O-O d5 6. Nbd2 a5 7. Ne5 c5 8. c3
Nc6 9. Nxc6 bxc6 10. Nb3 cxd4 11. cxd4 Nd7 12. Bf4 a4 13. Nc1 Qb6 14. e3 e6 15.
Bd6 Re8 16. Nd3 Ba6 17. Re1 Bc4 18. Qc2 Bf8 19. Bxf8 Rxf8 20. Bf1 Rfb8 21. Reb1
Bxd3 22. Bxd3 c5 23. dxc5 Nxc5 24. Qd1 Qa5 25. Bc2 1-0

[Event "Commonwealth & South African Open 2011"]
[Site "Emperors Casino and Conference"]
[Date "2011.06.24"]
[Round "3.27"]
[White "Chandna, Shubham"]
[Black "Anderson, Gavin A"]
[Result "0-1"]
[WhiteElo "1850"]
[BlackElo "2157"]
[PlyCount "56"]
[EventDate "2011.06.24"]

1. e4 c6 2. d4 d5 3. Nc3 dxe4 4. Nxe4 Nf6 5. Nxf6+ gxf6 6. c3 Bf5 7. Nf3 e6 8.
g3 Bd6 9. Bg2 Bg4 10. Be3 Qc7 11. Qd3 Nd7 12. Nd2 O-O-O 13. Ne4 Be7 14. f3 Bf5
15. Qe2 h5 16. O-O-O h4 17. g4 Bg6 18. h3 f5 19. Nd2 Qa5 20. Qc4 Nb6 21. Qb3
Nd5 22. Nc4 Qc7 23. Bf2 fxg4 24. hxg4 Qf4+ 25. Nd2 Bg5 26. Rh3 f5 27. Bg1 fxg4
28. fxg4 Qxg4 {Resigns} 0-1

[Event "Commonwealth & South African Open 2011"]
[Site "Emperors Casino and Conference"]
[Date "2011.06.24"]
[Round "3.28"]
[White "Bouah, Lyndon"]
[Black "Crismann, Alessandro"]
[Result "1-0"]
[WhiteElo "2147"]
[BlackElo "1858"]
[PlyCount "67"]
[EventDate "2011.06.24"]

1. d4 Nf6 2. c4 c5 3. d5 b5 4. cxb5 a6 5. b6 Qxb6 6. Nc3 d6 7. e4 Nbd7 8. Nf3
g6 9. Be2 Bg7 10. Nd2 O-O 11. a4 Ne5 12. f4 Ned7 13. a5 Qc7 14. Nc4 Ne8 15. O-O
Bxc3 16. bxc3 Ng7 17. Kh1 Rb8 18. Ra2 Bb7 19. Bf3 Ba8 20. Re2 Rb5 21. e5 Ne8
22. Rfe1 Kg7 23. Qd2 Kh8 24. Qd3 Bb7 25. Bd2 Bc8 26. g3 Kg7 27. Qe3 Kh8 28. Kg2
Kg8 29. h4 Kh8 30. h5 h6 31. hxg6 fxg6 32. Rh1 Ng7 33. Rxh6+ Kg8 34. Rxg6 {
resign} 1-0

[Event "Commonwealth & South African Open 2011"]
[Site "Emperors Casino and Conference"]
[Date "2011.06.24"]
[Round "3.29"]
[White "Jacobs, Kevin T"]
[Black "Gaealafshwe, Barileng"]
[Result "0-1"]
[WhiteElo "1824"]
[BlackElo "2128"]
[PlyCount "80"]
[EventDate "2011.06.24"]

1. d4 d5 2. Nf3 Nf6 3. e3 Bg4 4. Be2 e6 5. O-O Nbd7 6. c4 c6 7. b3 Bd6 8. Bb2
O-O 9. Nbd2 Qe7 10. c5 Bc7 11. b4 Ne4 12. Ne5 Bxe2 13. Qxe2 Nxd2 14. Qxd2 Bxe5
15. dxe5 b6 16. cxb6 axb6 17. Rfc1 c5 18. a3 Ra4 19. Bc3 Rfa8 20. Qb2 h6 21. g3
Qd8 22. Ra2 Qb8 23. Rca1 Qa7 24. Qb3 Qa6 25. b5 Qb7 26. Rd2 c4 27. Qb2 Nc5 28.
Ra2 Nb3 29. Rd1 Qe7 30. Bb4 Qd7 31. Qc3 Qxb5 32. Rb2 Qa6 33. Bd6 Nc5 34. Rdb1
Rxa3 35. Qxc4 Nb3 36. Qh4 Ra2 37. Kg2 Rxb2 38. Rxb2 Qa1 39. Re2 Qb1 {resign}
40. Be7 Qe4+ 0-1

[Event "Commonwealth & South African Open 2011"]
[Site "Emperors Casino and Conference"]
[Date "2011.06.24"]
[Round "3.30"]
[White "Simutowe, Musa"]
[Black "Louw, Gideon N"]
[Result "1-0"]
[WhiteElo "2119"]
[BlackElo "1853"]
[PlyCount "60"]
[EventDate "2011.06.24"]

1. e4 Nh6 2. d4 g6 3. h3 f6 4. Be3 Bg7 5. Qd2 Nf7 6. f4 O-O 7. Nc3 c6 8. Nf3 b6
9. Bd3 Na6 10. a3 Bb7 11. O-O Nc7 12. Ne2 d6 13. g4 Qd7 14. Ng3 Rad8 15. f5 g5
16. h4 h6 17. hxg5 fxg5 18. Qh2 c5 19. c3 Ne8 20. d5 Nf6 21. Qh3 b5 22. Kg2 a5
23. Nh5 a4 24. Rh1 Ba6 25. Nxg5 Nxg5 26. Bxg5 Nxh5 27. Qxh5 hxg5 28. Qh7+ Kf7
29. Qg6+ Kg8 30. Rh7 e5 1-0

[Event "Commonwealth & South African Open 2011"]
[Site "Emperors Casino and Conference"]
[Date "2011.06.24"]
[Round "3.31"]
[White "du Toit, Stefan M"]
[Black "Mbedza, Richard"]
[Result "1-0"]
[WhiteElo "1690"]
[BlackElo "2109"]
[PlyCount "49"]
[EventDate "2011.06.24"]

1. e4 e6 2. d4 d5 3. Nd2 Nf6 4. e5 Nfd7 5. Bd3 c5 6. c3 Nc6 7. Ne2 a6 8. O-O b5
9. f4 g6 10. Nf3 Bb7 11. Be3 Be7 12. Kh1 Qb6 13. g4 h5 14. g5 c4 15. Bc2 Bf8
16. Nh4 Ne7 17. a4 Nb8 18. axb5 axb5 19. Rxa8 Bxa8 20. Qa1 Qb7 21. Kg1 Nbc6 22.
b3 Nf5 23. Nxf5 gxf5 24. b4 Bxb4 25. cxb4 1-0

[Event "Commonwealth & South African Open 2011"]
[Site "Emperors Casino and Conference"]
[Date "2011.06.24"]
[Round "3.32"]
[White "Dole, Anant"]
[Black "Roberts, Marcel"]
[Result "1-0"]
[WhiteElo "2103"]
[BlackElo "1824"]
[PlyCount "43"]
[EventDate "2011.06.24"]

1. e4 e5 2. Nf3 d6 3. d4 exd4 4. Nxd4 Nf6 5. Nc3 Be7 6. Bf4 O-O 7. Be2 Re8 8.
O-O Nbd7 9. Re1 Nc5 10. Bc4 h6 11. Qd2 Bf8 12. f3 Ne6 13. Rad1 Nxd4 14. Qxd4
Be6 15. Nd5 Nh5 16. Be3 g6 17. g4 Bg7 18. Qd2 Nf6 19. Bxh6 Bxd5 20. exd5 Qd7
21. Bxg7 Kxg7 22. Qd4 1-0